[Event "HUN-chT 9798"]
[Site "Hungary"]
[Date "1998.??.??"]
[Round "?"]
[White "Farago, Ivan"]
[Black "Gyimesi, Zoltan"]
[Result "1/2-1/2"]
[WhiteElo "2470"]
[BlackElo "2500"]

1.d4 d5 2.c4 dxc4 3.Nf3 c5 4.d5 e6 5.Nc3 exd5 6.Qxd5 Qxd5 7.Nxd5 Bd6 8.Nd2 Ne7
9.Nxc4 Nxd5 10.Nxd6+ Ke7 11.Nxc8+ Rxc8 12.Bg5+ f6 13.Bd2 Nc6 14.Rc1 b6 15.g3 Rd8
16.Bg2 Rd6 17.e4 Ndb4 18.Bxb4 Nxb4 19.e5 Nd3+ 20.Ke2 Nxc1+ 21.Rxc1 Rdd8 22.Bxa8 Rxa8
23.exf6+  1/2-1/2

[Event "HUN-chT 9798"]
[Site "Hungary"]
[Date "1998.??.??"]
[Round "?"]
[White "Zimmerman, Yuri"]
[Black "Fancsy, Imre"]
[Result "0-1"]
[WhiteElo "2410"]
[BlackElo "2345"]

1.d4 d5 2.c4 dxc4 3.Nf3 a6 4.e3 e6 5.Bxc4 Nf6 6.O-O c5 7.Bd3 Nbd7 8.Re1 b6
9.e4 cxd4 10.e5 Nd5 11.Nxd4 Nc5 12.Bf1 Bb7 13.a3 g6 14.Nd2 b5 15.N2f3 Bg7
16.b4 Nc3 17.Qc2 N5a4 18.Bg5 Qd7 19.Rac1 O-O 20.Qd3 Rac8 21.Qe3 Bxf3 22.Nxf3 Nd5
23.Qd4 Rxc1 24.Rxc1 Rc8 25.Bd3 Rxc1+ 26.Bxc1 Qc7 27.Bd2 Nab6 28.Kf1 Nd7 29.Be4 Nxe5
30.Qc5 Qxc5 31.bxc5 Nc6 32.Bc1 Kf8 33.Ke1 Ke8 34.Bd3 Bf8 35.a4 Ncb4 36.Be2 bxa4
37.Ne5 Bxc5 38.Nc4 f6 39.Na5 Kd7 40.Nc4 Kc6 41.Na5+ Kc7 42.h4 Kb6 43.Nc4+ Kc7
44.Bb2 Bd4 45.Ba3 Nc2+ 46.Kd2 Nxa3 47.Nxa3 Kb6 48.g4 a5 49.Bd3 Kc5 50.h5 gxh5
51.gxh5 h6 52.Bg6 Bb2 53.Nb1 a3 54.Kc2 Nb4+ 55.Kb3 a4+  0-1

[Event "Southern California op"]
[Site "Los Angeles"]
[Date "1998.??.??"]
[Round "3"]
[White "Gonzales, Jayson"]
[Black "Enhbat, Tegshsuren"]
[Result "1/2-1/2"]
[WhiteElo "2345"]
[BlackElo "2285"]

1.d4 d5 2.c4 dxc4 3.Nf3 a6 4.e3 Nf6 5.Bxc4 e6 6.O-O c5 7.Qe2 b5 8.Bb3 Bb7
9.dxc5 Bxc5 10.a3 Nbd7 11.Nc3 Qc7 12.e4 O-O 13.Bg5 Rac8 14.Rac1 Qb8 15.Ba2 Bd6
16.Bh4 Ng4 17.Bg3 Bxg3 18.hxg3 Nge5 19.Nd4 Nc4 20.a4 b4 21.Bxc4 bxc3 22.Rxc3 Nc5
23.Re3 Nxa4 24.Bxa6 Rfd8 25.Bxb7 Qxb7 26.Rb3 Qa8 27.Nb5 Nc5 28.Re3 Qa5 29.Rc1 Na4
30.Rxc8 Rxc8 31.e5 Rb8 32.Rb3 Nc5 33.Ra3 Qb4 34.Nd6 h6 35.Ra7 Qxb2 36.Qxb2 Rxb2  1/2-1/2

[Event "Goldberg mem"]
[Site "Moscow"]
[Date "1998.??.??"]
[Round "7"]
[White "Naer, Eugeni"]
[Black "Vorobiov, Evgeny E"]
[Result "0-1"]
[WhiteElo "2455"]
[BlackElo "2475"]

1.d4 d5 2.c4 dxc4 3.Nf3 a6 4.a4 Nf6 5.g3 c5 6.Na3 Nc6 7.Nxc4 cxd4 8.a5 e6
9.Bg2 Bc5 10.O-O O-O 11.e3 dxe3 12.Bxe3 Bxe3 13.Nxe3 Bd7 14.Qb3 Rb8 15.Nc4 Qc7
16.Rfc1 Rfd8 17.Qa3 Be8 18.h3 h6 19.Nb6 Nd5 20.Nc4 f6 21.h4 Bf7 22.Bh3 e5
23.Bf5 Qe7 24.Qb3 Ndb4 25.Qe3  0-1

[Event "BRA-ch"]
[Site "Rio de Janeiro"]
[Date "1998.??.??"]
[Round "10"]
[White "Rocha, Wellington Carlos"]
[Black "Lima, Darcy"]
[Result "1-0"]
[WhiteElo "2325"]
[BlackElo "2475"]

1.d4 d5 2.c4 dxc4 3.Nf3 c5 4.e3 cxd4 5.Bxc4 Qc7 6.Qb3 e6 7.exd4 Nc6 8.O-O a6
9.Bd2 Nf6 10.Bd3 Be7 11.Nc3 O-O 12.Rac1 Rd8 13.Ne4 Qb8 14.Rfe1 Bd7 15.Nc5 Be8
16.Be3 Ra7 17.a3 Nd5 18.Bb1 a5 19.Qd3 g6 20.h4 b6 21.Ne4 Nf6 22.Nxf6+ Bxf6
23.Qe4 Ne7 24.h5 Nd5 25.Bh6 Ra8 26.Ne5 Qd6 27.hxg6 hxg6 28.Qg4 Bg7 29.Qh3 Bxh6
30.Qxh6 Qf8 31.Qh4 Qe7 32.Qg3 Rac8 33.Ba2 Rxc1 34.Rxc1 Qd6 35.Qh4 Qe7 36.Qg3 Qd6
37.Qf3 Kg7 38.g3 Ne7 39.Rd1 Nf5 40.Qc3 Kg8 41.d5 Qc5 42.Qxc5 bxc5 43.Rc1 exd5
44.Rxc5 a4 45.Rxd5 Rb8 46.Rd2 Kg7 47.g4 Nh4 48.Kh2 Rb5 49.Kg3 Rxe5 50.Kxh4 g5+
51.Kg3 Re1 52.f3 Kf6 53.Kf2 Rc1 54.Ke3 Ke7 55.Bd5 f6 56.Be4 Bb5 57.Rd4 Bd7
58.Bd3 Rh1 59.Be2 Rb1 60.Rb4 f5 61.Bd3 f4+ 62.Ke2 Rh1 63.Be4 Kd6 64.Rd4+ Ke7
65.Kd2 Rh2+ 66.Kc3 Rh3 67.Rd3 Be6 68.Kb4 Rh2 69.Kxa4 Rxb2 70.Ka5 Bc4 71.Rc3 Be2
72.Bc6 Kd6 73.a4 Ke5 74.Bb5 Kd4 75.Ra3 Kc5 76.Bxe2 Rxe2 77.Rc3+ Kd4 78.Kb4 Re3
79.Rb3 Re8 80.a5 Ra8 81.Ka4 Ra7 82.Ra3 Kc4 83.Ra1 Ra8 84.Re1 Rd8 85.Rc1+  1-0

[Event "SWE-ch"]
[Site "Ronneby"]
[Date "1998.??.??"]
[Round "2"]
[White "Akesson, Ralf"]
[Black "Hedman, Erik"]
[Result "1-0"]
[WhiteElo "2505"]
[BlackElo "2310"]

1.d4 d5 2.c4 dxc4 3.Nf3 c5 4.d5 e6 5.Nc3 exd5 6.Qxd5 Qxd5 7.Nxd5 Bd6 8.e4 Nc6
9.Bxc4 Nf6 10.Nxf6+ gxf6 11.Be3 Be6 12.Rc1 Bxc4 13.Rxc4 b6 14.Ke2 O-O-O 15.Nh4 Rhe8
16.Nf5 Be5 17.Rb1 Kb7 18.g3 Rd7 19.a3 Na5 20.Rcc1 Nb3 21.Rd1 Bd4 22.Rd3 c4
23.Rxb3 cxb3 24.Nxd4 Rxe4 25.Nxb3 Re5 26.Rd1 Rc7 27.Rd2 Rh5 28.h4 Re7 29.Kf3 Rf5+
30.Bf4 h5 31.a4  1-0

[Event "SWE-ch"]
[Site "Ronneby"]
[Date "1998.??.??"]
[Round "6"]
[White "Hellsten, Johan"]
[Black "Hedman, Erik"]
[Result "1/2-1/2"]
[WhiteElo "2460"]
[BlackElo "2310"]

1.d4 d5 2.c4 dxc4 3.Nf3 c5 4.e3 cxd4 5.Bxc4 Qc7 6.Qb3 e6 7.exd4 Nc6 8.O-O Bd7
9.Qd1 Nf6 10.Nc3 Be7 11.Be3 O-O 12.Rc1 Rfd8 13.Qe2 Be8 14.Rfd1 Rac8 15.Bd3 Ng4
16.Bb1 Nxe3 17.fxe3 Qa5 18.Kh1 f6 19.Qc2 Qh5 20.Qb3 Qf7 21.a3 Na5 22.Qc2 Qh5
23.Ba2 Bf7 24.Qe2 Nc6 25.Ne4 Nb8 26.b4 b6 27.Bb3 Qf5 28.Ng3 Qg4 29.Qa2 Bd6
30.Nf1 Rxc1 31.Rxc1 Re8 32.N1d2 Qf5 33.Rc3 a5 34.Nc4 Bf8 35.bxa5 bxa5 36.Ncd2 Qb5
37.Kg1 a4 38.Bc4 Qa5 39.Rc2 Nd7 40.Qb2  1/2-1/2

[Event "SWE-ch"]
[Site "Ronneby"]
[Date "1998.??.??"]
[Round "8"]
[White "Brynell, Stellan"]
[Black "Hedman, Erik"]
[Result "1-0"]
[WhiteElo "2475"]
[BlackElo "2310"]

1.d4 d5 2.c4 dxc4 3.Nf3 c5 4.e4 cxd4 5.Qxd4 Qxd4 6.Nxd4 Bd7 7.Bxc4 Nc6 8.Nxc6 Bxc6
9.f3 Rc8 10.Be3 e6 11.Nd2 a6 12.Kf2 Nf6 13.Rac1 Nd7 14.Be2 Bd6 15.Nc4 Bc7
16.Rhd1 Ke7 17.Bg5+ f6 18.Bd2 Ne5 19.Bb4+ Kf7 20.Nd6+ Bxd6 21.Rxd6 Bb5 22.Rxc8 Rxc8
23.Bxb5 axb5 24.Bc3 Nc4 25.Rd7+ Kg8 26.b3 Na3 27.Bb4 Rc2+ 28.Kg3 Rxa2 29.Rd8+ Kf7
30.Ra8  1-0

[Event "SWE-ch"]
[Site "Ronneby"]
[Date "1998.??.??"]
[Round "13"]
[White "Agrest, Evgenij"]
[Black "Hedman, Erik"]
[Result "1-0"]
[WhiteElo "2525"]
[BlackElo "2310"]

1.d4 d5 2.c4 dxc4 3.Nf3 c5 4.e4 cxd4 5.Qxd4 Qxd4 6.Nxd4 Bd7 7.Bxc4 Nc6 8.Be3 Nf6
9.f3 e6 10.Nxc6 Bxc6 11.Nd2 Nd7 12.Rc1 Bc5 13.Bxc5 Nxc5 14.b4 Na4 15.Nb3 Bd7
16.Na5 b6 17.Nb3 a5 18.bxa5 bxa5 19.Be2 Ke7 20.Kd2 Ra7 21.Rc2 Rb8 22.Rhc1 Rbb7
23.Ke3 Kd8 24.Bd3 h6 25.f4 f6 26.Be2 Rb4 27.h4 Rbb7 28.g4 Rb6 29.Rg1 Ke7
30.g5 hxg5 31.fxg5 Rb8 32.gxf6+ Kxf6 33.Bd3 Be8 34.Rg5 e5 35.Rf2+ Ke6 36.Bc4+ Kd6
37.Rd2+ Kc6 38.Rxe5 Bf7 39.Bb5+ Rxb5 40.Nd4+  1-0

[Event "ESP-chT"]
[Site "Salamanca"]
[Date "1998.??.??"]
[Round "4"]
[White "Gual Pascual, Antonio"]
[Black "Mellado Trivino, Juan"]
[Result "0-1"]
[WhiteElo "2420"]
[BlackElo "2460"]

1.d4 d5 2.c4 dxc4 3.Nf3 c5 4.d5 Nf6 5.Nc3 e6 6.e4 exd5 7.e5 Ne4 8.Nxe4 dxe4
9.Qxd8+ Kxd8 10.Ng5 Be6 11.Nxe6+ fxe6 12.Bxc4 Nc6 13.O-O Nxe5 14.Bxe6 Nd3
15.Be3 Kc7 16.Bd5 Re8 17.f3 exf3 18.Rxf3 Ne5 19.Rg3 g6 20.b4 cxb4 21.Rb1 Bd6
22.Kh1 Nc4 23.Bd4 Bxg3 24.Bxc4 Be5 25.Bxa7 b6  0-1

[Event "ESP-chT"]
[Site "Salamanca"]
[Date "1998.??.??"]
[Round "8"]
[White "Garza Marco, Sergio"]
[Black "Mellado Trivino, Juan"]
[Result "0-1"]
[WhiteElo "2255"]
[BlackElo "2460"]

1.d4 d5 2.c4 dxc4 3.Nf3 c5 4.e3 cxd4 5.exd4 Be6 6.Nc3 Nf6 7.Ne5 Nc6 8.Nxc6 bxc6
9.Qa4 Qd7 10.Bxc4 Bxc4 11.Qxc4 e6 12.O-O Be7 13.Rd1 O-O 14.Bg5 Rab8 15.Bxf6 Rb4
16.Qe2 Bxf6 17.Ne4 Bxd4 18.Qd2 Rfb8 19.a3 Rc4 20.Qe2 Qd5 21.Nc3 Qc5 22.b4 Rcxb4
23.axb4 Qxc3 24.Rac1 Qa3 25.Rxc6 e5 26.g3 Qxb4 27.Rdc1 g6 28.Rc8+ Rxc8 29.Rxc8+ Kg7
30.Qe4 Bxf2+  0-1

[Event "San Francisco Linklater"]
[Site "San Francisco"]
[Date "1998.??.??"]
[Round "8"]
[White "Zilberstein, Dmitry"]
[Black "Lobo, Richard"]
[Result "1-0"]
[WhiteElo "2310"]
[BlackElo "2310"]

1.d4 d5 2.c4 dxc4 3.Nf3 a6 4.e4 Nf6 5.e5 Nd5 6.Bxc4 e6 7.O-O Be7 8.Nc3 O-O
9.Ne4 Nc6 10.Be3 b6 11.a3 Bb7 12.Bd3 Re8 13.Rc1 Qd7 14.h4 Bf8 15.Qc2 h6 16.Qe2 Nce7
17.Bb1 f5 18.exf6 gxf6 19.Bd2 Bg7 20.Ng3 f5 21.Ne5 Bxe5 22.dxe5 Ng6 23.Qh5 Nxe5
24.Bxh6 Qf7 25.Rfe1 Ng4 26.Qxf7+ Kxf7 27.Bd2 c5 28.f3 Ngf6 29.Kf2 Rac8 30.Ne2 Red8
31.Nf4 Nxf4 32.Bxf4 Rd4 33.g3 Nh5 34.Be3 Rd7 35.g4 fxg4 36.fxg4 Nf6 37.Kg3 Rg8
38.g5 Nd5 39.Rf1+ Ke8 40.Rce1 Nc7 41.Rf6 Rf7 42.Rxf7 Kxf7 43.Bf4 Nb5 44.h5 Nd4
45.h6  1-0

[Event "Liechtenstein op"]
[Site "Schaan"]
[Date "1998.??.??"]
[Round "3"]
[White "Khenkin, Igor"]
[Black "Fancsy, Imre"]
[Result "0-1"]
[WhiteElo "2565"]
[BlackElo "2385"]

1.d4 d5 2.c4 dxc4 3.Nf3 a6 4.e3 e6 5.Bxc4 c5 6.O-O Nf6 7.Bb3 b5 8.a4 b4 9.Nbd2 Bb7
10.a5 Be7 11.Ba4+ Nbd7 12.dxc5 Bxc5 13.Ne5 O-O 14.Nxd7 Nxd7 15.Nb3 Bd5 16.e4 Bc4
17.Re1 Qf6 18.Be3 Bxe3 19.Rxe3 Ne5 20.Nd2 Rfd8 21.Qc2 Rd4 22.b3 Ng4 23.Rf3 Rxd2
24.Rxf6 Rxc2 25.bxc4 Rxc4 26.Rf3 Rac8 27.Rd3 Ne5 28.Rdd1 g5 29.f3 R8c5 30.Rd8+ Kg7
31.Bd1 Rc1 32.Rxc1 Rxc1 33.Kf2 Ra1 34.Be2 Rxa5 35.Rb8 Ra2 36.Ke3 a5 37.h4 h6
38.hxg5 hxg5 39.g3 Ra3+ 40.Kf2 b3 41.Rb5 Kf6 42.f4 gxf4 43.gxf4 Nc6 44.Bh5 Ra2+
45.Kg3 b2 46.Rb7 Nd8 47.e5+ Kg7 48.Rb6 a4 49.Bf3 a3 50.Be4 Ra1 51.Kf2 Re1
52.Kxe1 a2  0-1

[Event "SVK-chT 9798"]
[Site "SVK"]
[Date "1998.??.??"]
[Round "8"]
[White "Stohl, Igor"]
[Black "Timoshchenko, Gennadi A"]
[Result "1-0"]
[WhiteElo "2550"]
[BlackElo "2520"]

1.d4 d5 2.c4 dxc4 3.Nf3 a6 4.e3 e6 5.Bxc4 c5 6.O-O Nf6 7.b3 b5 8.Be2 Bb7
9.Bb2 Nbd7 10.a4 bxa4 11.Rxa4 Be7 12.Nbd2 O-O 13.Qa1 Nb6 14.Ra2 Nbd5 15.Rc1 Nb4
16.Ra4 cxd4 17.Bxd4 Bc6 18.Ra5 Bb5 19.Bxb5 axb5 20.Ra7 Rxa7 21.Qxa7 Nfd5
22.g3 Nd3 23.Rd1 Qa8 24.Ra1 Qxa7 25.Rxa7 Bc5 26.Bxc5 Nxc5 27.Nd4 b4 28.Nc4 h6
29.Ne5 Ne4 30.f3 Nc5 31.e4 Nf6 32.Nec6 Re8 33.Nxb4 e5 34.Nf5 Nxb3 35.Nd6 Rf8
36.Nc6 Ne8 37.Ra8 Nxd6 38.Ne7+ Kh7 39.Rxf8  1-0

[Event "SWE-chT 9899"]
[Site "Sweden"]
[Date "1998.??.??"]
[Round "5"]
[White "Svenn, Gosta"]
[Black "Degerman, Lars"]
[Result "0-1"]
[WhiteElo "2385"]
[BlackElo "2490"]

1.d4 d5 2.c4 dxc4 3.Nf3 a6 4.e3 e6 5.Bxc4 Nf6 6.O-O c5 7.a4 Nc6 8.Qe2 Qc7
9.Rd1 Bd6 10.Nc3 O-O 11.dxc5 Bxc5 12.h3 Ne5 13.Bb3 Bd7 14.e4 Bc6 15.Bg5 Nfd7
16.Bf4 Nxf3+ 17.Qxf3 Qb6 18.Ba2 Rfd8 19.Rac1 Nf8 20.Qe2 Qb4 21.Rxd8 Rxd8
22.b3 Bd4 23.Nb1 Ng6 24.Bd2 Qd6 25.Nc3 Bxf2+ 26.Qxf2 Qxd2 27.Qxd2 Rxd2 28.b4 Nf4
29.b5 axb5 30.axb5 Bxb5 31.g3 Nxh3+ 32.Kh1 Bc6  0-1

[Event "Trinec op9798"]
[Site "Trinec"]
[Date "1998.??.??"]
[Round "?"]
[White "Bakalarz, Mieczyslaw"]
[Black "Taus, Martin"]
[Result "1-0"]
[WhiteElo "2265"]
[BlackElo "2175"]

1.d4 d5 2.c4 dxc4 3.Nf3 a6 4.a4 Nf6 5.e3 c5 6.Bxc4 e6 7.Nc3 Qc7 8.Qe2 Nc6
9.O-O Bd6 10.h3 O-O 11.dxc5 Bxc5 12.e4 Nd7 13.Ba2 Nde5 14.Bf4 Nxf3+ 15.Qxf3 Qb6
16.Qg3 Kh8 17.Rad1 Nd4 18.Rd2 f6 19.e5 Nf5 20.Qd3 Bd4 21.g4 Nh4 22.Bg3 Rd8
23.Bxh4 Bxf2+ 24.Rfxf2 Rxd3 25.Rxd3 g5 26.exf6 gxh4 27.Ne4  1-0

[Event "JUG Cup"]
[Site "Ulcinj"]
[Date "1998.??.??"]
[Round "5"]
[White "Komarov, Dimitri"]
[Black "Gyimesi, Zoltan"]
[Result "1/2-1/2"]
[WhiteElo "2580"]
[BlackElo "2505"]

1.d4 d5 2.Nf3 c5 3.c4 dxc4 4.d5 e6 5.e4 exd5 6.exd5 Nf6 7.Bxc4 Bd6 8.Qe2+ Qe7
9.Qxe7+ Kxe7 10.O-O Bf5 11.Nc3 a6 12.Re1+ Kd8 13.Ne5 Bg6 14.Bg5 Nd7 15.Nxd7  1/2-1/2

[Event "Atlantic op"]
[Site "Washington"]
[Date "1998.??.??"]
[Round "3"]
[White "Kacheishvili, Giorgi"]
[Black "Figler, I."]
[Result "1-0"]
[WhiteElo "2510"]
[BlackElo "2380"]

1.d4 d5 2.c4 dxc4 3.Nf3 a6 4.e3 Nf6 5.Bxc4 c5 6.Qe2 Qc7 7.O-O Bg4 8.dxc5 Nbd7
9.Nbd2 Nxc5 10.h3 Bh5 11.b4 Na4 12.e4 e6 13.a3 Bg6 14.Bb3 Nc3 15.Qe3 Bxe4
16.Nxe4 Nfxe4 17.Bb2 Be7 18.Rac1 Bf6 19.Bc2 Qf4 20.Qxf4 Ne2+ 21.Kh1 Nxf4
22.Bxe4 Bxb2 23.Rc2 Bxa3 24.Rb1 f5 25.Bxb7 Rb8 26.Rc7 O-O 27.Ne5 a5 28.Nd7 axb4
29.Nxb8 Rxb8 30.Rd7 Ne2 31.Ba6 Nc3 32.Rb3 Ne4 33.Ra7 Nc5 34.Rb1 Rd8 35.Bc4 Rd4
36.Bf1 Ne4 37.Kg1 Nc3 38.Rb3 Rd1 39.g3 Ne2+ 40.Kg2 Nd4 41.Rd3 Rxd3 42.Bxd3 Bc1
43.Rd7 Bb2 44.Bc4 Bc3 45.f4 h5 46.Kf2 Kh7 47.Ke3 Nc2+ 48.Kd3 Ne1+ 49.Ke2 h4
50.Bxe6 hxg3 51.Bxf5+ Kg8 52.Bg6 Kf8 53.Rf7+ Ke8 54.Rc7+  1-0

[Event "Zadar op"]
[Site "Zadar"]
[Date "1998.??.??"]
[Round "6"]
[White "Shariyazdanov, Andrey"]
[Black "Vaulin, Alexander"]
[Result "1/2-1/2"]
[WhiteElo "2495"]
[BlackElo "2535"]

1.d4 d5 2.c4 dxc4 3.Nf3 a6 4.e3 e6 5.Bxc4 c5 6.O-O Nf6 7.Bd3 Nbd7 8.Re1 b5
9.a4 bxa4 10.e4 cxd4 11.e5 Nd5 12.Rxa4 Bb4 13.Bd2 Bxd2 14.Nbxd2 Nc5 15.Bb5+ Bd7
16.Bxd7+ Qxd7  1/2-1/2

[Event "Linares Anibal op"]
[Site "Linares"]
[Date "1999.01.13"]
[Round "6"]
[White "Georgiev, Vladimir"]
[Black "Sorokin, Maxim"]
[Result "0-1"]
[WhiteElo "2540"]
[BlackElo "2570"]

1.d4 d5 2.c4 dxc4 3.Nf3 a6 4.e3 e6 5.Bxc4 c5 6.Bb3 Nf6 7.O-O Nc6 8.Nc3 Be7
9.Qe2 cxd4 10.Rd1 O-O 11.Nxd4 Qc7 12.Nxc6 Qxc6 13.e4 b5 14.Bg5 Bb7 15.Rac1 Qe8
16.e5 Nd7 17.Bf4 Nc5 18.Bc2 Qc6 19.Qg4 b4 20.Ne2 Rfd8 21.Bg5 Rxd1+ 22.Rxd1 Bxg5
23.Qxg5 Nd7 24.Nd4 Qc8 25.h4 h6 26.Qg3 Qc7 27.f4 Rd8 28.Kh2 Nf8 29.Bb3 Rd7
30.f5 Bd5 31.f6 g6 32.Qf4 Bxb3 33.axb3 g5 34.Qe4 Ng6 35.Nxe6 Qxe5+ 36.Qxe5 Nxe5
37.Re1 Nd3  0-1

[Event "Nova Gorica op"]
[Site "Nova Gorica"]
[Date "1999.02.02"]
[Round "6"]
[White "Drazic, Sinisa"]
[Black "Sermek, Drazen"]
[Result "1/2-1/2"]
[WhiteElo "2478"]
[BlackElo "2540"]

1.d4 d5 2.c4 dxc4 3.Nf3 c5 4.Nc3 cxd4 5.Qxd4 Qxd4 6.Nxd4 Nf6 7.e4 e5 8.Ndb5 Kd8
9.Be3 Be6 10.f4 Ng4 11.Bxa7 Rxa7 12.Nxa7 exf4 13.Nab5 Bc5 14.O-O-O+ Nd7 15.Nd6 Ke7
16.Nf5+ Kf6 17.Bxc4 Nde5 18.Nd5+ Bxd5 19.Bxd5 Nf2 20.Bxb7 Nxh1 21.Rxh1 Rb8
22.Bd5 Nd3+ 23.Kd2 Nb4 24.Rc1 Bb6 25.Bb3 g6 26.Rf1 gxf5 27.Rxf4 Kg6 28.exf5+ Kf6
29.Rh4 Kg5 30.Rxh7 f6 31.Be6 Bd4 32.a3 Nc6 33.b4 Ne5 34.Rg7+ Kf4 35.h4 Bf2
36.h5 Rh8  1/2-1/2

[Event "Bunratty Masters"]
[Site "Bunratty"]
[Date "1999.02.19"]
[Round "3"]
[White "Daly, Colm"]
[Black "Baburin, Alexander"]
[Result "0-1"]
[WhiteElo "2369"]
[BlackElo "2586"]

1.d4 d5 2.c4 dxc4 3.Nf3 a6 4.e3 e6 5.Bxc4 c5 6.dxc5 Qxd1+ 7.Kxd1 Bxc5 8.b3 Nf6
9.Bb2 Nbd7 10.Nbd2 b5 11.Bd3 Bb7 12.Ke2 Bd6 13.Rhc1 Nc5 14.Bb1 Ke7 15.g3 Rhc8
16.Ne1 g6 17.f3 e5 18.e4 Nfd7 19.Nd3 Nxd3 20.Bxd3 Nc5 21.a3 f6 22.Bc2 a5
23.Nf1 Ne6 24.Bd3 Bc5 25.Nd2 Bd4 26.Bxd4 Nxd4+ 27.Ke3 g5 28.a4 b4 29.Bc4 Rc7
30.Kf2 Rac8 31.Rh1 Rd8 32.Nf1 g4 33.Ne3 gxf3 34.Bd5 Bxd5 35.exd5 Rc3 36.Rac1 Rdc8
37.Nc4 Nxb3 38.Rxc3 bxc3 39.d6+ Kd8 40.Ne3 c2 41.Nxc2 Rxc2+ 42.Kxf3 Kd7 43.Ke4 Kxd6
44.Rb1 Nd4 45.Rb6+ Kc5  0-1

[Event "Bled op"]
[Site "Bled"]
[Date "1999.03.24"]
[Round "5"]
[White "Kozul, Zdenko"]
[Black "Sermek, Drazen"]
[Result "1-0"]
[WhiteElo "2585"]
[BlackElo "2540"]

1.d4 d5 2.c4 dxc4 3.Nf3 c5 4.e3 e6 5.Bxc4 a6 6.O-O Nf6 7.a3 b5 8.Ba2 Bb7
9.Nc3 Nbd7 10.Re1 Be7 11.e4 b4 12.axb4 cxb4 13.e5 bxc3 14.exf6 Nxf6 15.bxc3 O-O
16.Ne5 Nd5 17.Qd3 Bg5 18.Rb1 Ra7 19.c4 Nc7 20.Ba3 Re8 21.Bc5 Qa8 22.Qg3 f6
23.Nd7 Bc6 24.Bxa7 Qxa7 25.Nb6 Bd2  1-0

[Event "Zalakaros Kupa 18th"]
[Site "Zalakaros"]
[Date "1999.05.13"]
[Round "2"]
[White "Szeberenyi, Adam"]
[Black "Krizsany, Laszlo"]
[Result "0-1"]
[WhiteElo "2287"]
[BlackElo "2462"]

1.d4 d5 2.Nf3 c5 3.c4 dxc4 4.e3 cxd4 5.Bxc4 Qc7 6.Qb3 e6 7.exd4 Nf6 8.O-O Nc6
9.Nc3 Bd7 10.Be2 Rc8 11.Qd1 Be7 12.Bg5 O-O 13.Rc1 Rfd8 14.Ne4 Nd5 15.Bc4 Be8
16.Qd3 h6 17.Bxd5 Rxd5 18.Bxe7 Qxe7 19.Nc3 Rd6 20.Rfe1 Rcd8 21.Ne4 R6d7 22.Nc5 Rd5
23.Re4 Rxc5  0-1

[Event "VCN SchaakFestival"]
[Site "Soest"]
[Date "1999.05.16"]
[Round "7"]
[White "Hartmans, Eddy"]
[Black "Veldhuijsen, Klaas"]
[Result "1-0"]
[WhiteElo "2199"]
[BlackElo "1990"]

1.d4 d5 2.c4 dxc4 3.Nf3 c5 4.e3 cxd4 5.exd4 Nf6 6.Bxc4 e6 7.O-O Be7 8.Nc3 O-O
9.Ne5 Nbd7 10.Bb3 a6 11.Qe2 Qb6 12.Be3 Qb4 13.f4 Nb6 14.Rf3 Nbd5 15.Bf2 Re8
16.Rd1 Qd6 17.g4 b5 18.Bg3 Bb7 19.f5 Nxc3 20.Rxc3 Qb6 21.fxe6 fxe6 22.Nd7 Nxd7
23.Bxe6+ Kh8 24.Bxd7 Bf6 25.Bxe8 Bxd4+ 26.Bf2 Rd8 27.Rxd4  1-0

[Event "Swidnica op"]
[Site "Swidnica"]
[Date "1999.06.29"]
[Round "2"]
[White "Czerwonski, Aleksander"]
[Black "Breier, Andreas"]
[Result "1-0"]
[WhiteElo "2397"]
[BlackElo "2207"]

1.d4 d5 2.c4 dxc4 3.Nf3 a6 4.e3 Nf6 5.Bxc4 e6 6.a4 c5 7.O-O Nc6 8.Qc2 cxd4
9.Nxd4 Nxd4 10.exd4 Qxd4 11.Rd1 Qe5 12.Nd2 Be7 13.Nf3 Qh5 14.Bb5+ Kf8 15.Bxa6 bxa6
16.Qc6 Rb8 17.Bf4 e5 18.Bxe5 Rb3 19.Qxc8+ Ne8 20.Bd6 Bxd6 21.Rxd6 Rb7 22.Qxb7 Nxd6
23.Qb8+ Ne8 24.Qb4+ Kg8 25.Re1 f5 26.Qe7  1-0

[Event "SVK-ch"]
[Site "Nove Zamky"]
[Date "1999.07.07"]
[Round "5"]
[White "Likavsky, Tomas"]
[Black "Kantorik, Marian"]
[Result "1/2-1/2"]
[WhiteElo "2366"]
[BlackElo "2301"]

1.d4 d5 2.c4 dxc4 3.Nf3 a6 4.e3 Bg4 5.Bxc4 e6 6.Nc3 Nf6 7.h3 Bh5 8.g4 Bg6
9.Ne5 Nbd7 10.Nxg6 hxg6 11.Bf1 c5 12.Bg2 Qc7 13.d5 exd5 14.Nxd5 Nxd5 15.Qxd5 Rb8
16.Bd2 Be7 17.Bc3 O-O 18.O-O-O Rfd8 19.g5 b5 20.Qc6 Qa7 21.Ba5 Ne5 22.Rxd8+ Rxd8
23.Qb7 Qxb7 24.Bxb7 Rb8 25.Bd5 Bxg5 26.f4 Nd3+ 27.Kc2 Bd8 28.Bc3 Nb4+ 29.Bxb4 cxb4
30.Kd3 Bf6 31.Rc1 Rd8 32.e4 Rd7 33.Rc8+ Kh7 34.b3 g5 35.fxg5 Bxg5 36.Kd4 Kg6
37.Kc5 Be3+ 38.Kc6 Ra7 39.Rh8 Kf6 40.Rh5 g6 41.e5+ Kg7 42.Rh4 Re7 43.Re4 Bf2
44.Kd6 Ra7 45.Rxb4 Bg3 46.Rg4 Bh2 47.Rg2 Bf4 48.Rg4 Bh2 49.h4 a5 50.h5 Ra6+
51.Kc5 Bxe5 52.Kxb5 Rd6 53.Bxf7 Kxf7 54.hxg6+ Rxg6 55.Rxg6 Kxg6 56.Kxa5 Kf7
57.Ka6 Ke7 58.b4 Kd6 59.Kb7 Bc3 60.a3 Kd5  1/2-1/2

[Event "Komercni Banka op"]
[Site "Pardubice"]
[Date "1999.07.17"]
[Round "2"]
[White "Wiley, Tom E"]
[Black "Shushpanov, Vladimir"]
[Result "0-1"]
[WhiteElo "2302"]
[BlackElo "2414"]

1.d4 d5 2.c4 dxc4 3.Nf3 a6 4.e3 Bg4 5.Bxc4 e6 6.Nc3 Nf6 7.h3 Bh5 8.O-O Nc6
9.Be2 Bd6 10.g3 O-O 11.b4 Qe7 12.b5 axb5 13.Nxb5 Qd7 14.Nxd6 cxd6 15.Bb2 Rfc8
16.a4 Bxf3 17.Bxf3 d5 18.Be2 Ne4 19.Bd3 Na5 20.f3 Nd6 21.Re1 Nac4 22.Bc3 g6
23.Qb3 Rc6 24.e4 Rb6 25.Qc2 Rba6 26.e5 Nf5 27.a5 R6a7 28.Bxc4 dxc4 29.Re4 b5
30.Qb2 Ne7 31.Bb4 Nd5 32.Qd2 Qc7 33.Bc5 c3 34.Qh6 b4 35.Rh4 f5 36.exf6 b3
37.Be7 Nxf6 38.Bxf6 b2 39.Re1 c2 40.d5 c1=Q  0-1

[Event "Paris-ch"]
[Site "Paris"]
[Date "1999.07.19"]
[Round "3"]
[White "Derieux, Christian"]
[Black "Skripchenko, Almira"]
[Result "1-0"]
[WhiteElo "2285"]
[BlackElo "2456"]

1.d4 d5 2.c4 dxc4 3.Nf3 a6 4.e4 b5 5.a4 Bb7 6.axb5 axb5 7.Rxa8 Bxa8 8.Nc3 e5
9.Nxe5 Bb4 10.Bxc4 Nf6 11.Nxf7 Qe7 12.Nxh8 bxc4 13.O-O Kf8 14.Bg5 Bxc3 15.bxc3 Qxe4
16.f3 Qe7 17.Re1 Qd8 18.Bxf6 gxf6 19.Qd2 Kg7 20.Qe3 Qxh8 21.Qe7+ Kg6 22.Qe8+  1-0

[Event "Komercni Banka op"]
[Site "Pardubice"]
[Date "1999.07.22"]
[Round "7"]
[White "Potapov, Alexander"]
[Black "Janz, Frerik"]
[Result "1/2-1/2"]
[WhiteElo "2468"]
[BlackElo "2284"]

1.d4 d5 2.c4 dxc4 3.Nf3 a6 4.e3 Nf6 5.Bxc4 e6 6.Qe2 c5 7.Bb3 cxd4 8.exd4 Nc6
9.Nc3 Nxd4 10.Nxd4 Qxd4 11.Be3 Qg4 12.f3 Qh5 13.g4 Qa5 14.g5 Nd7 15.O-O-O Nc5
16.Bc2 Bd7 17.Kb1 Bc6 18.h4 Rd8 19.Rxd8+ Qxd8 20.h5 Be7 21.Rd1 Qc7 22.g6 hxg6
23.hxg6 Qh2 24.gxf7+ Kxf7 25.Qc4 Rh4 26.Qf1 Rh5 27.Ne4 Nxe4 28.fxe4+ Bf6
29.Bf4 Qh3 30.Qg1 Rb5 31.e5 Qc3 32.Qg6+ Kf8 33.b3 Rxe5 34.Bd2 Qxc2+ 35.Qxc2 Be4
36.Bb4+ Kg8 37.Rd3 Rd5 38.Qc8+ Kf7 39.Qf8+ Kg6 40.Qe8+ Kh7 41.Qxe6 Bxd3+
42.Kc1 Rh5 43.Kd2 Bg6 44.Bd6 a5 45.Bc7 Rc5 46.Qh3+ Kg8 47.Qc8+ Kh7 48.Qxb7 Rc2+
49.Ke3 Rxa2 50.Qh1+ Kg8 51.Qa8+ Kh7 52.Bd8 Ra3 53.Qh1+  1/2-1/2

[Event "Korinthos op 3rd"]
[Site "Korinthos"]
[Date "1999.07.29"]
[Round "6"]
[White "Simeonidis, Ioannis"]
[Black "Marjanovic, Slavoljub"]
[Result "0-1"]
[WhiteElo "2269"]
[BlackElo "2508"]

1.d4 d5 2.c4 dxc4 3.Nf3 a6 4.e3 Bg4 5.Bxc4 e6 6.Qb3 Bxf3 7.gxf3 b5 8.Be2 Nd7
9.a4 c6 10.f4 Ngf6 11.Bf3 Nd5 12.Nc3 f5 13.h4 N7f6 14.h5 Bd6 15.Bd2 O-O 16.Ke2 Qd7
17.Rag1 Rfb8 18.axb5 axb5 19.Rg5 b4 20.Na2 c5 21.dxc5 Bxc5 22.Nc1 Rd8 23.Rd1 Qb5+
24.Ke1 Ra7 25.Nd3 Be7 26.Rg1 Rad7 27.Ne5 Rc7 28.Be2 Qe8 29.Rh1 Ne4 30.Bc1 Nc5
31.Qc4 Nb6 32.Rxd8 Qxd8 33.Qd4 Qa8 34.Bf3 Qa1 35.Ke2 Qa6+  0-1

[Event "FRA-ch qual"]
[Site "Bescanon"]
[Date "1999.08.18"]
[Round "1"]
[White "Derieux, Christian"]
[Black "David, Vincent"]
[Result "0-1"]
[WhiteElo "2285"]
[BlackElo "2157"]

1.d4 d5 2.c4 dxc4 3.Nf3 c5 4.d5 e6 5.e4 exd5 6.exd5 Bd6 7.Bxc4 a6 8.a4 Ne7
9.O-O O-O 10.b3 h6 11.Bb2 Bf5 12.Re1 Nd7 13.Na3 Ng6 14.Bd3 Bxd3 15.Qxd3 Nf6
16.Rad1 Re8 17.Rxe8+ Nxe8 18.Nc4 Bf8 19.a5 Nd6 20.Nb6 Rb8 21.g3 Nc8 22.Ne5 Nxb6
23.Nxg6 fxg6 24.Qxg6 Nd7 25.Qe6+ Kh7 26.Qf5+ Kg8 27.Re1 Nf6 28.Re6 Ne8 29.Qh5 Qd7
30.g4 Rd8 31.g5 Qxd5  0-1

[Event "Polanica Zdroj op"]
[Site "Polanica Zdroj"]
[Date "1999.08.18"]
[Round "2"]
[White "Grabarczyk, Miroslaw"]
[Black "Kachur, Alexander"]
[Result "1-0"]
[WhiteElo "2484"]
[BlackElo "2292"]

1.d4 d5 2.c4 dxc4 3.Nf3 a6 4.e3 e6 5.a4 Nf6 6.Bxc4 c5 7.O-O Nc6 8.Qe2 cxd4
9.Rd1 Be7 10.exd4 O-O 11.Nc3 Nd5 12.Bd2 b6 13.Rac1 Ncb4 14.Ne5 Bb7 15.Bb3 Rc8
16.Nxd5 Nxd5 17.Rxc8 Qxc8 18.Rc1 Qd8 19.Nc6 Bxc6 20.Rxc6 Nb4 21.Rc4 a5 22.Qe5 Bd6
23.Qe4 Qb8 24.h4 b5 25.Rc3 bxa4 26.Bxa4 Rd8 27.h5 Nd5 28.Rb3 Qa7 29.h6 g6
30.Rb5 Nb4 31.Rb7 Qa8 32.Qf3 f5 33.Bd7 Kh8 34.Bxe6 Nd3 35.Bg5 Rf8 36.Rf7  1-0